La criminalidad en España / (Record no. 156363)
[ view plain ]
| 000 -LEADER | |
|---|---|
| campo de control de longitud fija | 00928nam a2200217 i 4500 |
| 001 - NÚMERO DE CONTROL | |
| campo de control | 156363 |
| 003 - IDENTIFICADOR DE NÚMERO DE CONTROL | |
| campo de control | ES-MaACL |
| 005 - FECHA Y HORA DE LA ÚLTIMA TRANSACCIÓN | |
| campo de control | 20250719062539.0 |
| 008 - DATOS DE LONGITUD FIJA--INFORMACIÓN GENERAL | |
| campo de control de longitud fija | 040728s1887 sp |||| | spa d |
| 100 1# - ENTRADA PRINCIPAL--NOMBRE DE PERSONA | |
| Nombre de persona | Jimeno Agius, José. |
| 9 (RLIN) | 128307 |
| 245 13 - MENCIÓN DEL TÍTULO | |
| Título | La criminalidad en España / |
| Mención de responsabilidad, etc. | por J. Jimeno Agíus. |
| 260 ## - PUBLICACIÓN, DISTRIBUCIÓN, ETC. | |
| Lugar de publicación, distribución, etc. | Madrid : |
| Nombre del editor, distribuidor, etc. | [s.n.], |
| Fecha de publicación, distribución, etc. | 1887 ( |
| Fabricante | Imp. de José Góngora) |
| 300 ## - DESCRIPCIÓN FÍSICA | |
| Extensión | 36 p. ; |
| Dimensiones | 23 cm. |
| 650 #4 - PUNTO DE ACCESO ADICIONAL DE MATERIA--TÉRMINO DE MATERIA | |
| Término de materia o nombre geográfico como elemento de entrada | Delincuencia- |
| Subdivisión geográfica | España. |
| 9 (RLIN) | 151684 |
| 852 ## - LOCALIZACIÓN | |
| Ubicación | ES-MaACL |
| Número de control de estantería | D-85(7) |
| Encuadernación | Encuadernación con otras obras formando un volumen facticio |
| itemnumber | 162120 |
| Sublocalización o colección | R.FOLL.5/7 |
| Ubicación en estantería | Sala Valle Inclán |
| Signatura antigua | Olim: 193-C-19 |
| Anotaciones manuscritas | Anotación manuscrita en cubierta: "Folletos penitenciarios. Tomo 9." |
| Donativo/Legado | Donación: Francisco Lastres y Juiz |
| 852 ## - LOCALIZACIÓN | |
| Ubicación | ES-MaACL |
| Número de control de estantería | T-1261-F-6 |
| Ubicación en estantería | Depósito folletos |
| itemnumber | 162119 |
| 903 ## - NOMBRE PERSONAL DE DONANTE | |
| a | Lastres y Juiz, Francisco, |
| d | 1848-1918 |
| q | 1 |
| e | Donante |
| 9 | 70504 |
| 942 ## - ELEMENTOS DE ENTRADA SECUNDARIOS (KOHA) | |
| Fuente del sistema de clasificación o colocación | Clasificación decimal universal |
| Tipo de ítem Koha | Folleto |
| Estatus retirado | Estado de pérdida | Estado de daño | No para préstamo | Colección | Biblioteca de origen | Biblioteca actual | Ubicación en estantería | Fecha de adquisición | Fuente de adquisición | Total de préstamos | Signatura topográfica completa | Código de barras | Visto por última vez | Precio de reemplazo | Tipo de ítem Koha | Fuente del sistema de clasificación o colocación |
|---|---|---|---|---|---|---|---|---|---|---|---|---|---|---|---|---|
| Colección de folletos | Biblioteca del Ateneo de Madrid | Biblioteca del Ateneo de Madrid | Depósito folletos | 08/07/2005 | T-1261-F-6 | 1202271 | 23/02/2023 | 23/02/2023 | Folleto | |||||||
| Colección de folletos | Biblioteca del Ateneo de Madrid | Biblioteca del Ateneo de Madrid | Sala Valle Inclán | 17/01/2008 | Donación | D-85(7) | 901163588 | 23/02/2023 | 23/02/2023 | Folleto | Clasificación decimal universal |
